Geography Quiz

Random Geography or Blitz Quiz
Score 0/10 Timer 01:00
2 Plays Today
% Correct
California
96%
Colorado
87.2%
Connecticut
85.7%
North Carolina
81.5%
South Carolina
81%
Michigan
60.2%
Kentucky
52.8%
Wisconsin
52%
Massachusetts
51.1%
New Mexico
50.6%
Remove Ads.
Support Sporcle.
Get the best of Sporcle when you Go Orange. This ad-free experience offers more features, more stats, and more fun while also helping to support Sporcle. Thank you for becoming a member.

You're not logged in!

Compare scores with friends on all Sporcle quizzes.
OR
Log In

Show Comments

Extras

Top Quizzes Today


Score Distribution

Your Account Isn't Verified!

In order to create a playlist on Sporcle, you need to verify the email address you used during registration. Go to your Sporcle Settings to finish the process.

Report this User

Report this user for behavior that violates our Community Guidelines.

Details: